Reines de fiction - Statistiques

Statistiques générales
  • Ce quiz a été pris 40 fois
  • Le résultat moyen est 11 sur 35
Statistiques - réponses
Reine de fiction Univers % Correct
Cersei Lannister Game of Thrones
97%
Elsa La Reine des Neiges
88%
Padmé Amidala Star Wars
85%
Galadriel Le Seigneur des Anneaux
79%
Reine de coeur Alice au Pays des Merveilles
74%
Méchante Reine/ Reine-sorcière Blanche-Neige et les Sept Nains
74%
Lady Macbeth Macbeth
59%
Susan Pevensie Le Monde de Narnia
50%
Héra Mythologie grecque
50%
Reine Alien Alien
44%
Historia Reiss L'Attaque des Titans
44%
Sarabi Le Roi Lion
41%
Isis Mythologie égyptienne
41%
Valkyrie Thor
41%
Elinor Rebelle
32%
Regina Once upon a time
29%
Otohime One Piece
29%
Frigg Mythologie nordique
24%
Ramonda Black Panther
21%
Sonia The Legend of Zelda
21%
Gertrude Hamlet
15%
Calanthe The Witcher
15%
Reine Clarion La Fée Clochette
12%
Reine Lillian Shrek
12%
Rennala Elden Ring
9%
Narissa Il était une fois
9%
Queen Serenity Sailor Moon
9%
Ayesha Les Gardiens de la Galaxie
6%
Potéma Septim The Elder Scrolls
6%
Azshara World of Warcraft
6%
Mytha Dark Souls
3%
Adeyrid Les Légendaires
3%
Amaya Wish, Asha et la bonne étoile
3%
Reine Moustoria Basil, détective privé
0%
Morgana Winx Club
0%
Aucun quiz correspondant
Distribution des résultats
% des personnes avec chaque résultat
Percentile par nombre de réponses
Votre historique - résultats
Vous n’avez pas pris ce quiz